| 000 | 01308nam a2200265Ia 4500 | ||
|---|---|---|---|
| 999 |
_c38574 _d38574 |
||
| 001 | 4691 | ||
| 003 | GE_BSU | ||
| 005 | 20190715175509.0 | ||
| 008 | 181216s2003||||ge |||||||||||||| ||geo|| | ||
| 020 | _a99928617 | ||
| 040 | _cGE_BSU | ||
| 041 | _ageo | ||
| 080 | _a616.1/4(075.8) ტ–37 | ||
| 100 |
_aტატიშვილი, ნ. _93231 |
||
| 245 |
_aშინაგანი სნეულებები = Principies of clinicai Diagnosis in internal Medicina : _b სახელმძღვ. _cნუგზარ ტატიშვილი, ირაკლი ტატიშვილი ; რედ. გ. სიმონია |
||
| 264 |
_aთბილისი : _bსაქართველოს მაცნე ; _c1998. |
||
| 300 |
_a783 გვ. : _bილ. ; _c29 სმ. |
||
| 504 | _aბიბლიოგრ. : გვ.339 | ||
| 653 | _aშინაგანი სნეულებები | ||
| 700 |
_a ტატიშვილი, ირაკლი _eავტორი _93232 |
||
| 700 |
_aსიმონია, გ. _eრედაქტორი _93229 |
||
| 710 |
_a საქ. ჯანმრთ. დაცვის სამინისტრო _93233 |
||
| 710 |
_a თბილ. სახელმწ. სამედ. უნ-ტი _93234 |
||
| 942 |
_cBK _2udc |
||